| 000 | 00555nam a2200169Ia 4500 | ||
|---|---|---|---|
| 008 | 140925s9999 xx 000 0 und d | ||
| 020 | _a2078-516X | ||
| 245 |
_aSouth African journal of sports medicine / _h[electronic resource] |
||
| 260 |
_bHealth & Medical Publishing Group, _cc2013. |
||
| 516 | _aElectronic text | ||
| 650 | _aJournal. | ||
| 650 | _aSports and Recreation. | ||
| 650 | _aSports medicine. | ||
| 830 | _aHealth & Medical Publishing Group | ||
| 856 | _uhttp://www.sajsm.org.za/index.php/sajsm/issue/current/showToc | ||
| 942 | _cEJ | ||
| 999 |
_c275867 _d275867 |
||